01692 a2200265 4500003000500000005001700005010001700022020002800039040000900067082001600076245010300092260003300195300003300228505065900261650003400920650005000954700003401004700003001038700003401068856009101102856007501193942001301268999001901281952012601300Nust20230905092427.0 a 2004051229 c0387229787 (alk. paper) cNust00a629.277,DSP00aDSP for in-vehicle and mobile systems /cedited by H赳eyin Abut, John H.L. Hansen, Kazuya Takeda. aNew York :bSpringercc2005. axv, 313 p. :bill. ;c25 cm. aConstruction And Analysis Of A Multilayered In Car Spoken Dialogue Corpus (Page-1), CU-Move (Page-19), A Spoken Dialog Corpus For Car Telematics Services (Page-47), Experiences Of Multi-Speaker Dialogue Sys For Vehicular Information Retrieval (Page-65), Robust Dialoge Management (Page-83), Use Of Multiple Speech Recognition Units (Page-97), Hi- Speed Error Correcting Code LSI (Page-113), MCMAC (Page-123), Noise Robust Speech Recognition (Page-139), Speech Enhancement (Page-169), Real Time Transmission (Page-193), DWT Image Compression For Mobile Comm. (Page-209), Joint Audio Video Processing (Page-237), Is Our Driving Behavior Unique (Page-257).  0aAutomotive telematics.999292 0aSignal processingxDigital techniques.9555481 aAbut, H赳eyin,d1945-9992931 aHansen, John H. L.9992941 aTakeda, Kazuya,d1960-999295413Publisher descriptionuhttp://www.loc.gov/catdir/enhancements/fy0663/2004051229-d.html413Table of contentsuhttp://www.loc.gov/catdir/toc/fy053/2004051229.html cREF2ddc c175932d175932 00102ddc4070aMCSbMCScREFd2016-12-12o629.277,DSPpMCS32511r2016-12-08w2016-12-12yREFzAlmirah No.24, Shelf No.1